Countries Surrounding Florida - Statistics

General Stats
  • This quiz has been taken 97 times
  • The average score is 30 of 36
Answer Stats
Continent Country % Correct
Europe Portugal
96%
Europe United Kingdom
96%
North America Bahamas
95%
North America Cuba
95%
Europe France
95%
Europe Ireland
95%
Europe Spain
95%
North America Mexico
93%
South America Brazil
92%
Africa Morocco
92%
North America Dominican Republic
90%
North America Belize
88%
North America Haiti
88%
North America Panama
88%
Africa Gambia
87%
Africa Senegal
86%
South America Suriname
86%
North America Honduras
85%
Africa South Africa
85%
North America Antigua and Barbuda
83%
North America Guatemala
83%
North America Canada
82%
North America Nicaragua
82%
North America Saint Kitts and Nevis
82%
Africa Guinea
81%
Africa Namibia
80%
Africa Angola
79%
Africa Guinea-Bissau
77%
Africa Mauritania
77%
Africa Sierra Leone
77%
North America Trinidad and Tobago
77%
Africa Liberia
76%
North America Grenada
71%
Africa Cape Verde
68%
Africa Democratic Republic of the Congo
68%
Asia Indonesia
48%
No matching quizzes found
Score Distribution
Percent of People with Each Score
Percentile by Number Answered
Your Score History
You have not taken this quiz